000 00244nmm a2200085Ia 4500
008 220120s9999||||xx |||||||||||||||||und||
100 _aDigit
245 0 _a17 CAD software and tools; elementory OS , special ces 2014
260 _aNine dot Nine
_c2014
999 _c139893
_d139893